| 000 | 00855aam a2200301 i 4500 | ||
|---|---|---|---|
| 001 | 768714001 | ||
| 003 | CO-MdFUSB | ||
| 005 | 20250521130629.0 | ||
| 007 | ta | ||
| 008 | 250521t1980 -us |||| |||| 00| 0 eng d | ||
| 020 | _a0-310-25371-3 | ||
| 040 | _cCO-MdFUSB | ||
| 041 | 0 | _aeng | |
| 082 | 0 | 4 |
_223 _a248.4 _bG9758h |
| 100 | 1 |
_aGundry, Patricia _eautor |
|
| 245 | 1 | 0 |
_aHeirs together : _bmutual submission in marriage _c/ Patricia Gundry |
| 264 | 1 |
_bMinistry Resources Library, _aGrand Rapids, MI., USA : _c[1980] |
|
| 264 | 4 | _c©1980 | |
| 300 | _a192 páginas | ||
| 336 |
_atexto _btxt _2rdacontent |
||
| 337 |
_2rdamedia _asin mediación _bn |
||
| 338 |
_2rdacarrier _avolumen _bnc |
||
| 563 | _aRústico | ||
| 650 | 7 |
_aMatrimonio _xAspectos religiosos _bCristianismo _9291 |
|
| 942 | _cBK | ||
| 945 | _aJTF-925 | ||
| 999 |
_c35823 _d35823 |
||